| 000 | 00499nam a2200169Ia 4500 | ||
|---|---|---|---|
| 008 | 231221s9999 xx 000 0 und d | ||
| 041 | _aEnglish | ||
| 082 | _a006.6 TRI;1 | ||
| 100 | _aMeyer, Trish. Meyer, Chris. | ||
| 245 | 0 | _aCreating motion graphics with after effects V.2 advanced techniques | |
| 250 | _a2nd ed | ||
| 260 |
_c2003 _bCMP Media _aCalifornia |
||
| 300 | _ax+403 | ||
| 500 | _awith 28260 | ||
| 650 | _aCreating,motion,graphics,effects,V.2,advanced,techniques | ||
| 942 | _cCD | ||
| 999 |
_c209743 _d209743 |
||